000 nam a22 7a 4500
999 _c10891
_d10891
008 180308b ||||| |||| 00| 0 eng d
100 _aKumar,H.L.etal.
_96704
245 _aAn Exhaustive guide Delhi School Education Act & Rules
260 _aNew Delhi
_bUniversal
_c2012